[Event "Aruba"]
[Site "Aruba"]
[Date "1992.??.??"]
[Round "7"]
[White "Benko, Pal C"]
[Black "Polgar, Zsuzsa"]
[Result "1/2-1/2"]
[WhiteElo "2415"]
[BlackElo "2530"]
[PlyCount "70"]
[EventDate "1992.03.??"]
[EventType "tourn"]
[EventRounds "9"]
[EventCountry "NAU"]
[EventCategory "11"]
[Source "ChessBase"]
[SourceDate "1992.10.01"]

1. d4 f5 2. g3 Nf6 3. Bg2 g6 4. Nf3 Bg7 5. O-O O-O 6. b3 d6 7. Bb2 Qe8 8. c4 h6
9. d5 c5 10. dxc6 bxc6 11. Nc3 Na6 12. Nd4 Bd7 13. Qd2 Rd8 14. Rad1 Nc5 15. Ba3
Nce4 16. Nxe4 Nxe4 17. Qc2 c5 18. Nf3 Bc6 19. Bb2 Nf6 20. Nh4 Kh7 21. Bxc6 Qxc6
22. Bxf6 Rxf6 23. Ng2 a5 24. Nf4 a4 25. Nd5 Rf7 26. Rd3 Be5 27. b4 cxb4 28.
Nxb4 Qc5 29. Qxa4 Qxc4 30. Qb3 Rc8 31. Nd5 Qxb3 32. axb3 Rc2 33. e3 e6 34. Nb4
Rb2 35. Nc6 Rc7 1/2-1/2

[Event "Aruba"]
[Site "Aruba"]
[Date "1992.??.??"]
[Round "8"]
[White "Polgar, Zsuzsa"]
[Black "Psakhis, Lev"]
[Result "0-1"]
[WhiteElo "2530"]
[BlackElo "2605"]
[PlyCount "90"]
[EventDate "1992.03.??"]
[EventType "tourn"]
[EventRounds "9"]
[EventCountry "NAU"]
[EventCategory "11"]
[Source "ChessBase"]
[SourceDate "1992.10.01"]

1. d4 Nf6 2. c4 e6 3. Nf3 b6 4. g3 Ba6 5. b3 d5 6. Bg2 dxc4 7. Ne5 Bb4+ 8. Kf1
Nfd7 9. a3 Be7 10. Nxf7 Kxf7 11. Bxa8 c6 12. Nd2 b5 13. Nf3 Qc7 14. bxc4 bxc4
15. Rb1 Nb6 16. Bf4 Bd6 17. Bxd6 Qxd6 18. Ne5+ Ke8 19. e4 Rf8 20. Qh5+ g6 21.
Qxh7 Qxd4 22. Bxc6+ Kd8 23. Kg2 Rxf2+ 24. Kh3 Qxe5 25. Rhd1+ Kc8 26. Rb5 Qf6
27. Rc5 Rxh2+ 28. Kxh2 Qf2+ 29. Kh3 Qxc5 30. Be8 c3 31. Bxg6 Be2 32. Rc1 Qe5
33. Qxa7 N8d7 34. Kg2 Bd3 35. a4 Bxe4+ 36. Bxe4 Qxe4+ 37. Kh2 Nxa4 38. Qa6+ Kd8
39. Qa5+ Ke7 40. Qg5+ Kd6 41. Rd1+ Kc6 42. Ra1 Ndc5 43. Qd8 Qe2+ 44. Kh3 Qh5+
45. Kg2 Qd5+ 0-1

[Event "Madrid"]
[Site "Madrid"]
[Date "1992.??.??"]
[Round "6"]
[White "San Segundo Carrillo, Pablo"]
[Black "Polgar, Zsuzsa"]
[Result "0-1"]
[WhiteElo "2415"]
[BlackElo "2530"]
[Annotator "Polgar,Zsu"]
[PlyCount "110"]
[EventDate "1992.05.??"]
[EventType "tourn"]
[EventRounds "9"]
[EventCountry "ESP"]
[EventCategory "13"]
[Source "ChessBase"]
[SourceDate "1992.10.01"]

1. d4 d5 2. Nf3 Nf6 3. c4 c6 4. Nc3 dxc4 5. a4 Bf5 6. e3 e6 7. Bxc4 Bb4 8. O-O
Nbd7 9. Qe2 Bg6 10. Bd3 Bxd3 11. Qxd3 O-O 12. Rd1 c5 (12... Qa5 $5) 13. Na2 Ba5
14. e4 (14. dxc5 Nxc5 15. Qe2 (15. Qc2 Ncd7 (15... Qb6 $2 16. b4 $18) (15...
Qc7 $2 16. b4 Ncd7 17. Qe2 Bb6 18. a5 $18) 16. b4 Bc7 $10 {Benjamin,
J-Beljavski Szirak izt 1987.}) 15... Qb6 $15) 14... h6 $1 (14... cxd4 $6 15. e5
Nd5 (15... Ng4 16. Qe4 $1 $16 (16. Qxd4 $2 Ndxe5 $1)) 16. Ng5 g6 17. Qh3 h5 18.
Nxe6 $16) 15. d5 (15. dxc5 Nxc5 16. Qe2 (16. Qc2 Qc7 $1 17. b4 $6 Ncxe4 18. Qe2
Bb6 $17) 16... Qb6 17. Be3 Qa6 $1 $15) 15... exd5 16. e5 $2 (16. exd5 Nb6 17.
d6 Nbd5 18. Nc3 $13) 16... Ne4 $1 17. Qxd5 Nb6 18. Qb3 Qe8 $1 $17 19. Nc3 (19.
Qe3 Qxa4) (19. Qb5 Qxb5 20. axb5 Rad8 21. Be3 Nc4 $17) 19... Nxc3 (19... c4 $6
20. Qc2 Nc5 21. Nb5 $132) 20. bxc3 Qe6 $1 21. Qc2 (21. Qxe6 fxe6 22. Rd3 (22.
Bd2 Rad8 23. Be1 Rxd1 24. Rxd1 Rf4 $19) 22... Rad8) 21... Qc4 22. Bb2 $6 (22.
Bd2 Rad8 23. Be1 Rxd1 24. Qxd1 Nd5 $17) 22... Rad8 23. Rd6 (23. Nd2 Qe2) 23...
Rxd6 24. exd6 Rd8 25. Re1 (25. Ne5 $32 Qe6 26. c4) 25... Qxa4 26. Qd3 (26. Qxa4
Nxa4 27. Ra1 Rxd6 $19) 26... Nc4 $19 27. Ne5 $138 (27. Ra1 Rxd6 $19) 27... Nxd6
$2 (27... Nxb2 28. Qd5 Qf4 $19) 28. Qd5 Qc2 29. Ba1 Qf5 $2 (29... Bxc3 30. Bxc3
Qxc3 31. Rd1 Re8 $19) 30. Qa2 $1 Ne4 $6 (30... Bb6) 31. f3 Bxc3 $2 (31... Bc7
32. Nxf7 Qxf7 33. Qxf7+ Kxf7 34. fxe4 c4 $19) 32. Bxc3 Nxc3 33. Qa5 Rd5 (33...
Rd3 $2 34. g4 Qh7 35. Qc7 $18) 34. Qxc3 $16 b5 $2 35. Ng4 $2 (35. Nc6 $1 Rd3
36. Qc2 $18) 35... Qd3 36. Qb2 (36. Nxh6+ Kf8 $13) 36... c4 37. Nf2 (37. Nxh6+
$1) 37... Qd4 38. Qc2 g6 39. Rd1 Qc5 40. Re1 (40. Rxd5 Qxd5 41. Qc3 Qc5 $17)
40... b4 $17 41. Kf1 c3 42. Ne4 Qc4+ 43. Qe2 Qd4 44. Qa2 (44. Qa6 Kg7) 44...
Kg7 45. Nf2 a5 $19 46. Re7 (46. Rd1 Qxd1+ 47. Nxd1 Rxd1+ 48. Ke2 Rd2+ $19)
46... Qd2 47. Qb3 c2 48. Qb2+ Qc3 49. Qc1 (49. Qxc3+ bxc3 50. Re1 Rd1 $1 51.
Rxd1 cxd1=Q+ 52. Nxd1 c2 $19) 49... b3 50. Rb7 a4 51. Ke2 a3 52. Ne4 Qc4+ 53.
Kf2 Qd4+ 54. Kg3 Qe5+ 55. Kf2 a2 0-1

[Event "Madrid"]
[Site "Madrid"]
[Date "1992.??.??"]
[Round "8"]
[White "Magem Badals, Jordi"]
[Black "Polgar, Zsuzsa"]
[Result "1/2-1/2"]
[WhiteElo "2515"]
[BlackElo "2530"]
[Annotator "Ernst"]
[PlyCount "76"]
[EventDate "1992.05.??"]
[EventType "tourn"]
[EventRounds "9"]
[EventCountry "ESP"]
[EventCategory "13"]
[Source "ChessBase"]
[SourceDate "1992.10.01"]

1. e4 c5 2. Nf3 Nc6 3. d4 cxd4 4. Nxd4 Nf6 5. Nc3 e5 6. Ndb5 d6 7. Bg5 a6 8.
Na3 b5 9. Bxf6 gxf6 10. Nd5 f5 11. Bd3 Be6 12. Qh5 Rg8 13. g3 Nd4 14. c3 fxe4
15. Bxe4 Bg4 16. Qxh7 Rg7 17. Qh6 Nf3+ 18. Kf1 Rg5 19. Nf6+ Ke7 (19... Qxf6 $2
20. Bc6+ $1 Ke7 21. Qxf6+ Kxf6 22. Bxa8 $18 {Klovans - Taborov, Kostroma 1985.}
) 20. Qh8 Nd2+ 21. Kg2 Nxe4 22. Nxe4 Rg6 $14 23. Qh4+ Kd7 24. Qxd8+ Rxd8 25. f3
(25. Nc2 $6 Bf5 26. f3 d5 27. Ne3 Bxe4 28. fxe4 dxe4 $15) 25... Be6 26. Rhd1
Kc7 27. Nc2 f5 28. Nf2 d5 29. a4 f4 30. axb5 axb5 31. Ra7+ (31. Nd3 Rg5 32. Re1
$14) 31... Kb6 32. Rda1 Bc8 33. Nd3 Rg5 34. g4 Bd6 35. Rf7 Rg6 36. h3 Rh8 37.
Re1 Rgh6 38. Nf2 Bb7 1/2-1/2

[Event "New York Reshevsky"]
[Site "New York"]
[Date "1992.??.??"]
[Round "1"]
[White "Polgar, Judit"]
[Black "Polgar, Zsuzsa"]
[Result "1/2-1/2"]
[WhiteElo "2575"]
[BlackElo "2540"]
[Annotator "Blatny,P"]
[PlyCount "88"]
[EventDate "1992.07.??"]
[EventType "tourn"]
[EventRounds "9"]
[EventCountry "USA"]
[EventCategory "12"]
[Source "ChessBase"]
[SourceDate "1992.12.01"]

1. e4 {Granda Zuniga} c5 2. Nf3 Nc6 3. Bb5 e6 4. O-O Nge7 5. c3 a6 6. Ba4 b5 7.
Bc2 d5 (7... c4 $5 8. d4 $140 cxd3) 8. e5 {/\d4 [+]} d4 9. Be4 Nd5 (9... Bb7
10. cxd4 cxd4 11. a4 $14) 10. a4 Rb8 11. axb5 axb5 12. Qc2 h6 (12... g6 $142 {
/\Bg7,Qc7 קe5} 13. cxd4 Nxd4 (13... Ndb4 $2 14. Bxc6+ (14. Qb3 $2 Nxd4 15.
Nxd4 Qxd4 $17) (14. Qc3 $2 Nxd4 15. Nxd4 cxd4 $15) 14... Nxc6 15. dxc5 Nd4 16.
Nxd4 Qxd4 17. d3 $16) 14. Nxd4 cxd4 15. d3 Bg7 16. f4 {/\Qf2}) (12... g6 $13 {
Granda Zuniga}) 13. cxd4 Nxd4 14. Nxd4 cxd4 15. d3 Bb7 16. Qe2 g6 $6 (16... Be7
17. Qg4 (17. Nd2 O-O 18. Qg4 (18. Nb3 {Granda Zuniga} Bg5 19. Bxg5 (19. Nxd4
Bxc1 20. Rfxc1 Nf4 21. Qe3 Qxd4 $1) 19... Qxg5 20. Nxd4 Nf4 21. Qe3 Bxe4 22.
Qxe4 Rbd8 $1 23. Nxb5 Rd5 $132) 18... f5 $13 (18... Qd7 $1 19. Nf3 f5 20. exf6
Nxf6 $10)) 17... g6 18. Nd2 Qb6 19. Nb3 h5 20. Qg3 Nb4 $10) 17. Nd2 Bg7 18. Nb3
Bxe5 (18... Nb4 $2 19. Bxb7 Rxb7 20. Qe4 $16) (18... Qb6 {Granda Zuniga} 19.
Bd2 {/\ Ba5}) 19. Bxg6 $1 Qd6 $1 $8 (19... Bxh2+ 20. Kxh2 Qd6+ 21. Kg1 fxg6 22.
Nxd4 $40) 20. f4 $1 Nxf4 21. Bxf7+ Ke7 (21... Kxf7 $2 22. Bxf4 Bxf4 23. Rxf4+
Qxf4 24. Rf1 Qxf1+ 25. Qxf1+ $16) 22. Bxf4 Bxf4 23. Rxf4 Qxf4 24. Qxe6+ Kf8 25.
Re1 $8 Qg5 $1 26. g3 (26. Re2 $5 Rd8 (26... Kg7 $2 27. h4 $1 Qf6 28. Qg4+ Kxf7
29. Rf2 Qxf2+ 30. Kxf2 Rhg8 31. Qd7+ Kf6 32. g4 $1 $16) 27. Bg6 (27. Rf2 $2 Bd5
(27... Kg7 {Granda Zuniga} 28. h4 $1 $18) 28. Nxd4 Qc1+ $19) 27... Bd5 $8 28.
Nxd4 $1 Qc1+ (28... Bxe6 29. Nxe6+ Kg8 30. Nxg5 hxg5 31. Re5 $16 {_|_}) 29. Re1
Bxe6 30. Nxe6+ Ke7 31. Rxc1 Kxe6 32. Rc5 $10) 26... Rd8 27. Bg6 Bd5 $8 28. Nxd4
$1 (28. Rf1+ Kg7 29. Rf7+ Kg8 $1) 28... Bxe6 29. Nxe6+ Kg8 $8 30. Nxg5 hxg5 31.
Re5 Rc8 $1 {/\Rc2,Rc1-c2-b2} (31... Kg7 32. Be4 Rc8 33. Rxg5+ Kf6 34. Rxb5 $16)
32. d4 {><c2} Rc1+ 33. Kg2 Rd1 34. Rxg5 Rd2+ 35. Kf3 Rhxh2 36. Bd3+ Kf7 37. Ke3
Rxb2 38. Bxb5 $10 Kf6 39. Rc5 Rb3+ 40. Bd3 Rh1 41. Rf5+ Ke6 42. Rf3 Kd5 43.
Rf5+ Kd6 44. Rf6+ Kd5 (44... Kd5 45. Rf5+ Kd6 $10) 1/2-1/2

[Event "New York Reshevsky"]
[Site "New York"]
[Date "1992.??.??"]
[Round "7"]
[White "Moskow, Eric"]
[Black "Polgar, Zsuzsa"]
[Result "0-1"]
[WhiteElo "2240"]
[BlackElo "2540"]
[Annotator "Ribli"]
[PlyCount "70"]
[EventDate "1992.07.??"]
[EventType "tourn"]
[EventRounds "9"]
[EventCountry "USA"]
[EventCategory "12"]
[Source "ChessBase"]
[SourceDate "1992.12.01"]

1. c4 f5 2. Nc3 Nf6 3. g3 g6 4. Bg2 Bg7 5. Nf3 O-O 6. O-O d6 7. d3 e5 {-> A 21}
8. c5 $6 (8. Rb1 $1 c6 (8... Nh5 9. Bg5 Qd7 10. Nd5 Rf7 11. Bd2 c6 12. Nc3 h6
13. b4 g5 14. b5 d5 $2 15. bxc6 bxc6 16. cxd5 cxd5 17. Nxg5 $1 $18 {Ivacic,
V-Kusterle,F  Bled op 1992  CBM/29}) 9. b4 a6 (9... Kh8 $6 10. b5 Qc7 11. bxc6
bxc6 12. Ba3 Rd8 13. Qa4 Nbd7 14. Ng5 $1 $16 {Schneider,Bl-Steffens,G 
Nettetal 1991  EXP/21}) 10. a4 Be6 $13 {Frias,V-Romero Holmes,A  Wijk-B 1991 
CBM/22}) 8... Kh8 9. cxd6 cxd6 10. Bg5 (10. e4 Nc6 11. h3 Be6 12. Bg5 Qd7 13.
Kh2 h6 14. exf5 Bxf5 15. Be3 g5 $15 {Arkhipov,S-Stangl,M  Nettetal 1992  CBM/28
}) 10... Be6 11. Nd2 Nc6 12. Nd5 Qd7 13. Bxf6 Bxf6 14. e3 Bg7 15. Qa4 Qf7 16.
Nb4 Nxb4 17. Qxb4 d5 18. f4 e4 $15 19. d4 h6 20. Rac1 Rac8 21. Nb3 b6 22. Qd2
g5 $1 23. Rxc8 Rxc8 24. Qe2 Qg6 25. Rc1 gxf4 26. gxf4 Rg8 27. Kh1 Bf6 28. Bh3
Bd7 29. Nd2 Bh4 30. Nb1 Be8 31. Nc3 Bf7 32. Rf1 Be8 33. Qd1 Qe6 34. Qe2 Bg6 35.
Qb5 $2 Bh5 $138 0-1

[Event "New York Reshevsky"]
[Site "New York"]
[Date "1992.??.??"]
[Round "9"]
[White "Polgar, Zsuzsa"]
[Black "Psakhis, Lev"]
[Result "1/2-1/2"]
[WhiteElo "2540"]
[BlackElo "2570"]
[PlyCount "57"]
[EventDate "1992.07.??"]
[EventType "tourn"]
[EventRounds "9"]
[EventCountry "USA"]
[EventCategory "12"]
[Source "ChessBase"]
[SourceDate "1992.12.01"]

1. d4 f5 2. g3 Nf6 3. Bg2 e6 4. c4 c6 5. Nf3 d5 6. Qc2 Bd6 7. Bf4 Bxf4 8. gxf4
O-O 9. Nbd2 Bd7 10. e3 Be8 11. Ne5 Nbd7 12. O-O Bh5 13. Kh1 Nxe5 14. dxe5 Nd7
15. cxd5 cxd5 16. Rac1 Rc8 17. Qa4 a6 18. Nb3 Qe7 19. Nd4 Rfd8 20. Qa5 Nf8 21.
Rc3 Rxc3 22. Qxc3 Be8 23. Rc1 Bd7 24. Qc5 Qxc5 25. Rxc5 Rc8 26. Rxc8 Bxc8 27.
Kg1 Kf7 28. Bf3 Ke7 29. a3 1/2-1/2

[Event "Women-Veterans"]
[Site "Aruba"]
[Date "1992.??.??"]
[Round "10"]
[White "Polugaevsky, Lev"]
[Black "Polgar, Zsuzsa"]
[Result "1-0"]
[WhiteElo "2640"]
[BlackElo "2540"]
[Annotator "Ribli"]
[PlyCount "91"]
[EventDate "1992.08.??"]
[EventType "schev"]
[EventRounds "6"]
[EventCountry "NAU"]
[Source "ChessBase"]
[SourceDate "1993.04.01"]

1. c4 e6 2. g3 d5 3. Bg2 g6 4. Nf3 Bg7 5. d4 Ne7 6. O-O O-O 7. Nc3 (7. Nbd2
Nbc6 8. e3 a5 $6 (8... Re8 $5 9. b3 e5 $13) 9. b3 b6 10. Bb2 Bb7 11. a3 Qd7 12.
Qc2 f5 13. Rac1 $14 {Kortschnoj,V-Short,N  Skelleftea WCup 1989  CBM/14}) 7...
Nbc6 8. cxd5 exd5 9. b3 (9. Bf4 Be6 10. Qa4 a6 11. Rfd1 Nf5 12. e3 h6 13. h4
Nd6 14. Bxd6 $1 Qxd6 15. Ne1 Ne7 16. Nd3 Rad8 17. Qb4 $14 {Miles,A-Wallace,JP 
Auckland 1992  EXP/29}) 9... Bg4 10. e3 Qc8 (10... Qd7 $5 11. Ba3 Rfe8 12. Rc1
Nd8 $5 13. h3 Bxf3 14. Qxf3 $14 {Smejkal,J-Short,N  Prague 1990  CBM/20}) 11.
Ba3 Re8 12. Rc1 a6 13. Re1 Qf5 14. Nh4 Qd7 (14... Bxd1 $2 15. Nxf5 Nxf5 16.
Rexd1 $18) 15. Qd3 Rad8 16. Na4 Bf6 17. Nf3 Bf5 18. Qc3 Be4 19. Nc5 Qf5 (19...
Qc8 20. Nxe4 dxe4 21. Nd2 Nd5 22. Qc2 Ndb4 23. Qb1 Nd3 24. Nxe4 $18) 20. Nd2
Bxg2 21. Kxg2 Rb8 22. Qd3 $1 Qc8 23. Nf3 Nf5 24. e4 $1 dxe4 25. Nxe4 Bg7 26. d5
Rd8 27. Red1 Ne5 28. Nxe5 Bxe5 29. d6 $1 Nxd6 30. Bxd6 Bxd6 31. Nf6+ Kf8 32.
Qc3 $18 Ra8 33. Nxh7+ Kg8 34. Nf6+ Kf8 35. Re1 Qf5 36. Ne8 f6 37. Nxf6 Kf7 38.
Re3 Rh8 39. h4 Bf4 40. Rf3 g5 41. gxf4 g4 42. Qxc7+ Kxf6 43. Qd6+ Kf7 44. Rc7+
Kg8 45. Re3 Rxh4 46. Re5 1-0

[Event "Candidates (Women)"]
[Site "Shanghai"]
[Date "1992.??.??"]
[Round "4"]
[White "Ioseliani, Nana"]
[Black "Polgar, Zsuzsa"]
[Result "0-1"]
[WhiteElo "2445"]
[BlackElo "2540"]
[Annotator "Polgar,Zsu"]
[PlyCount "82"]
[EventDate "1992.10.??"]
[EventType "tourn"]
[EventRounds "18"]
[EventCountry "CHN"]
[EventCategory "7"]
[Source "ChessBase"]
[SourceDate "1993.04.01"]

1. e4 c5 2. Nf3 Nc6 3. Bb5 e6 4. O-O Nge7 5. c3 (5. b3 $5) 5... a6 6. Ba4 (6.
Bxc6 $142 Nxc6 7. d4 {+/=/=}) 6... b5 7. Bc2 Bb7 8. a4 (8. d4 cxd4 9. cxd4 Nb4
$15) 8... Ng6 9. Re1 (9. axb5 axb5 10. Rxa8 Qxa8 11. d4 cxd4 12. Nxd4 Nxd4 13.
Qxd4 $10 {Rohde-Granda Zuniga, Tiburg 1992}) 9... Rc8 {/\ץc2} 10. axb5 axb5
11. d4 (11. Na3 Qa5 $15 (11... b4 12. Nc4 d5 13. exd5 Qxd5 14. Ne3)) 11... cxd4
12. cxd4 (12. Nxd4 b4 13. Nb5 d6 {/\Be7,0-0}) 12... Nb4 13. Bb3 Rxc1 $1 14.
Qxc1 Nd3 15. Qe3 Nxe1 16. Qxe1 (16. Nxe1 $5) 16... Be7 17. Nc3 O-O (17... b4
18. Na4 O-O 19. Nc5 Bc6 $13) 18. Nxb5 $6 Qb6 19. Bc4 (19. Qa5 $4 Ra8 $1 20.
Qxa8+ $8 Bxa8 21. Rxa8+ Nf8 22. Ba4 Qc6 {/\Qc1-+}) 19... f5 $1 (19... d5 20.
exd5 Bxd5 21. Bxd5 Qxb5 $10) 20. e5 (20. d5 fxe4 21. Qxe4 Bxd5 22. Bxd5 Qxb5
$19 {_|_}) (20. exf5 Rxf5 21. Ne5 Nxe5 22. dxe5 Rxf2 $5 {/\Bc5} (22... Rg5 23.
Bf1 Qc6 $1 24. f3 Bc5+ 25. Kh1 Qxf3 $1 26. Qd2 (26. gxf3 Rg1#) 26... Be3 27.
Qc2 (27. Qxd7 Qxf1+ $1) 27... Bf2 {/\Qxg2+} 28. Ra8+ Bxa8 29. Qc8+ Qf8 $19 (
29... Kf7 $4 30. Nd6+ Kg6 31. Qe8+ Kh6 32. Nf7+ $18))) 20... Bxf3 21. gxf3 Nh4
22. Qc3 (22. Qe3 Rc8 $36) 22... Qb7 (22... Rc8 $2 23. Bxe6+ $18) 23. Be2 Rc8
24. Ra7 (24. Qd3 $142 g5 25. d5 $132) 24... Rxc3 25. Rxb7 Rc1+ 26. Bf1 Nxf3+
27. Kg2 Nh4+ 28. Kg1 Nf3+ 29. Kg2 Bh4 $1 30. Rxd7 (30. Kxf3 Rxf1) (30. Be2 Ne1+
31. Kh3 Bxf2 {/\g5-g4#}) (30. Nd6 g5 $5 31. Rxd7 g4 $1 32. Ne8 h5 $1 33. Nf6+
$140 Bxf6 34. exf6 h4 35. h3 gxh3+ 36. Kxf3 Rxf1 {/\h2-+}) 30... Rc2 (30...
Ne1+ $142 31. Kh3 (31. Kg1 Rc2 32. Nd6 Nf3+ 33. Kh1 Rxf2 34. Bg2 Ne1 35. Bh3 g5
$19) 31... Bxf2 32. Bc4 (32. Rd8+ Kf7 33. Nd6+ Kg6 34. Re8 Kg5 $1 35. Rxe6 Kf4
{/\g5-g4#}) 32... Rxc4 33. Nd6 (33. Rd8+ Kf7 34. Nd6+ Ke7 $19) 33... g5 $1 $19)
31. Kxf3 Rxf2+ 32. Ke3 Rxf1 (32... f4+ $142 33. Ke4 Rxf1) 33. Rc7 $2 (33. Nc7
f4+ 34. Ke2 Rf2+ 35. Kd3 f3 36. Nxe6 Rg2 37. Rxg7+ (37. d5 f2 38. Ke2 Rg1 39.
Rxg7+ Kh8 $1 $19) 37... Rxg7 38. Nxg7 Kxg7 39. Ke3 (39. b4 Bf2 $1 40. d5 Bd4
$10) 39... f2 40. Ke2 Kg6 41. b4 Kf5 42. b5 Bd8 43. Kxf2 Ke4 44. e6 Kd5 $10)
33... f4+ 34. Kd3 f3 35. Nd6 h5 36. Ne4 f2 $19 37. Nxf2 Rxf2 38. b4 Rxh2 39. b5
Rb2 40. Rc5 Be7 41. Rc7 Kf7 0-1

[Event "Candidates (Women)"]
[Site "Shanghai"]
[Date "1992.??.??"]
[Round "8"]
[White "Gaprindashvili, Nona"]
[Black "Polgar, Zsuzsa"]
[Result "0-1"]
[WhiteElo "2435"]
[BlackElo "2540"]
[Annotator "Polgar,Zsu"]
[PlyCount "50"]
[EventDate "1992.10.??"]
[EventType "tourn"]
[EventRounds "18"]
[EventCountry "CHN"]
[EventCategory "7"]
[Source "ChessBase"]
[SourceDate "1993.04.01"]

1. d4 d5 2. c4 dxc4 3. Nf3 Nf6 4. Nc3 c6 5. e4 $6 {Ambitious, but risky.} b5 6.
e5 Nd5 7. a4 Bf5 $5 8. Be2 $2 {Unfamiliarity prompted White to avoid the
theoretical recommendation.} (8. axb5 $1 Nxc3 (8... Nb4 9. Bxc4 Nc2+ 10. Ke2 (
10. Kf1 Nxa1 11. bxc6 Nxc6 12. d5 Na5 13. Bb5+ Bd7 14. Bxd7+ Qxd7 15. e6 fxe6
16. Ne5 Qc7 17. Qa4+ Kd8 18. Bf4 Kc8 19. Nc6 Qd7 20. Qxa5 g5 21. Be5 exd5 22.
Nd4 Rg8 23. Qxa1 $16 {Fedorowicz,J-Braga,F/BL 8889/1989/1-0/53/}) 10... Nxa1
11. Qa4 Nc2 12. bxc6 Qc8 13. d5 $1 a5 14. c7+ {Gurevich,D-Formanek,E/USA/1990/}
(14. c7+ Bd7 15. Qxc2 Qxc7 16. Qe4 $44)) 9. bxc3 cxb5 10. Ng5 e6 11. g4 Bg6 12.
Bg2 Nd7 13. f4 Be7 14. Qf3 O-O 15. h4 Bd3 16. f5 exf5 17. gxf5 Nb6 18. Qg4 Qc8
19. Be4 Bxe4 20. Qxe4 g6 21. O-O f6 22. Ne6 fxe5 23. Nxf8 Bxf8 24. Ra2 exd4 25.
fxg6 Qe8 26. gxh7+ Kh8 27. Qg4 Bc5 {Inkiov,V-Padevsky,N/Pamporovo/1982/1-0/28/}
) 8... b4 $40 9. Nh4 $6 (9. Na2 $142) 9... bxc3 10. Nxf5 e6 11. Ng3 cxb2 12.
Bxb2 Bb4+ 13. Kf1 c3 14. Bc1 O-O 15. Ne4 Nd7 16. Bd3 f5 $19 17. exf6 N7xf6 18.
Ng5 (18. Bg5 $4 Nxe4 $1 19. Bxd8 Ne3+ $19) 18... Qd6 19. Qc2 h6 20. h4 hxg5 21.
hxg5 Ng4 22. Bh7+ Kf7 23. Qe4 Nxf2 $1 24. Kxf2 Ke7+ 25. Ke2 (25. Kg1 Qg3 26.
Qh4 Bd6 $19) 25... Qg3 {After torturing herself for 43 minutes, White decided
to resign.} (25... Qg3 26. Rf1 (26. Kd1 c2+ $19) 26... Rxf1 27. Kxf1 Rf8+ 28.
Kg1 Qf2+ 29. Kh1 Bd6 $19) 0-1

[Event "Candidates (Women)"]
[Site "Shanghai"]
[Date "1992.??.??"]
[Round "13"]
[White "Polgar, Zsuzsa"]
[Black "Ioseliani, Nana"]
[Result "1/2-1/2"]
[WhiteElo "2540"]
[BlackElo "2445"]
[PlyCount "35"]
[EventDate "1992.10.??"]
[EventType "tourn"]
[EventRounds "18"]
[EventCountry "CHN"]
[EventCategory "7"]
[Source "ChessBase"]
[SourceDate "1993.04.01"]

1. d4 Nf6 2. Nf3 e6 3. c4 b6 4. g3 Ba6 5. b3 Bb7 6. Bg2 Bb4+ 7. Bd2 a5 8. O-O
O-O 9. Bc3 d5 10. Ne5 Nbd7 11. Bb2 Nxe5 12. dxe5 Ne4 13. Qc2 Bc5 14. cxd5 exd5
15. Nd2 Nxd2 16. Qxd2 Qe7 17. e3 Ba3 18. Bxa3 1/2-1/2

[Event "Candidates (Women)"]
[Site "Shanghai"]
[Date "1992.??.??"]
[Round "16"]
[White "Levitina, Irina S"]
[Black "Polgar, Zsuzsa"]
[Result "1/2-1/2"]
[WhiteElo "2415"]
[BlackElo "2540"]
[PlyCount "146"]
[EventDate "1992.10.??"]
[EventType "tourn"]
[EventRounds "18"]
[EventCountry "CHN"]
[EventCategory "7"]
[Source "ChessBase"]
[SourceDate "1993.04.01"]

1. d4 d5 2. c4 dxc4 3. e4 c5 4. Nf3 Nf6 5. Nc3 cxd4 6. Qxd4 Qxd4 7. Nxd4 e5 8.
Ndb5 Kd8 9. Be3 Be6 10. f4 exf4 11. Bxf4 Nbd7 12. Be2 Bc5 13. O-O-O Rc8 14. Nd6
Bxd6 15. Bxd6 Ne8 16. Bg3 Nc7 17. Kb1 Na6 18. Nb5 Nac5 19. Nd6 Rc6 20. Bxc4
Bxc4 21. Nxc4 Ke7 22. Nd6 g6 23. e5 a6 24. Rhf1 Rf8 25. Bf4 f5 26. exf6+ Nxf6
27. Rfe1+ Ne6 28. Nxb7 Kf7 29. Bg3 h6 30. b3 Nh5 31. Bd6 Re8 32. Ba3 Ra8 33.
Nd6+ Kf6 34. Rd2 Nhf4 35. g3 Nh3 36. Rf1+ Kg7 37. Re2 Nd4 38. Re7+ Kg8 39. Rff7
Ng5 40. Rg7+ Kh8 41. Rxg6 Rf8 42. Rxh6+ Kg8 43. Rg6+ Kh8 44. Rh6+ Kg8 45. Rg6+
Kh8 46. Re1 Ngf3 47. Rd1 Kh7 48. Ne4 Kxg6 49. Bxf8 Kf5 50. Nd6+ Kg4 51. Nc4 Re6
52. Bc5 Nf5 53. Rd3 Nxh2 54. Ne3+ Nxe3 55. Bxe3 Kxg3 56. Bg1+ Nf3 57. Kb2 Kf4
58. Bc5 Rc6 59. Rc3 Ke4 60. b4 Ne5 61. Kb3 Kd5 62. Ka4 Rg6 63. a3 Nc4 64. Rh3
Kc6 65. Rh4 Nb6+ 66. Ka5 Nd7 67. Be3 Kb7 68. Rh7 Rd6 69. Bc5 Rd3 70. a4 Rd5 71.
Rg7 Kb8 72. Rxd7 Rxd7 73. Kxa6 Rd1 1/2-1/2

[Event "Moscow blitz"]
[Site "Moscow"]
[Date "1993.??.??"]
[Round "?"]
[White "Bareev, Evgeny"]
[Black "Polgar, Zsuzsa"]
[Result "1-0"]
[WhiteElo "2670"]
[BlackElo "2560"]
[PlyCount "65"]
[EventDate "1993.??.??"]
[EventType "swiss (blitz)"]
[EventRounds "17"]
[EventCountry "RUS"]
[Source "ChessBase"]
[SourceDate "1996.11.15"]

1. d4 d5 2. Nf3 Nf6 3. c4 dxc4 4. Nc3 c6 5. a4 Bf5 6. Ne5 e6 7. f3 Bb4 8. Bg5
h6 9. Bh4 c5 10. dxc5 Qxd1+ 11. Kxd1 Nfd7 12. Nxc4 Nxc5 13. e4 Bh7 14. Na2 Nc6
15. Nd6+ Kf8 16. Bb5 Nb3 17. Nxb4 Nxb4 18. Ra3 Nd4 19. Kd2 g5 20. Bf2 Nxb5 21.
axb5 Kg7 22. Bxa7 Rhd8 23. Bd4+ f6 24. Rxa8 Rxa8 25. Rc1 Rd8 26. e5 Nd5 27.
Nxb7 Rb8 28. exf6+ Kg6 29. Nd6 Nxf6 30. Rc7 Rd8 31. Be5 Ne8 32. g4 Nxd6 33.
Rg7# 1-0

[Event "Moscow blitz"]
[Site "Moscow"]
[Date "1993.??.??"]
[Round "?"]
[White "Bykhovsky, Avigdor"]
[Black "Polgar, Zsuzsa"]
[Result "0-1"]
[WhiteElo "2520"]
[BlackElo "2560"]
[PlyCount "82"]
[EventDate "1993.??.??"]
[EventType "swiss (blitz)"]
[EventRounds "17"]
[EventCountry "RUS"]
[Source "ChessBase"]
[SourceDate "1996.11.15"]

1. d4 d5 2. c4 dxc4 3. Nf3 c5 4. Nc3 Nf6 5. e4 cxd4 6. Qxd4 Qxd4 7. Nxd4 e5 8.
Ndb5 Kd8 9. Bg5 a6 10. O-O-O+ Nbd7 11. Nd6 Bxd6 12. Rxd6 Kc7 13. Rd2 b5 14.
Nd5+ Nxd5 15. exd5 Kd6 16. f4 f6 17. fxe5+ Nxe5 18. Bf4 Bb7 19. Be2 Rhe8 20.
Rhd1 Rad8 21. h4 Bc8 22. b3 cxb3 23. axb3 Bf5 24. Kb2 Ra8 25. Bf3 Rec8 26. g4
Bd7 27. Re1 a5 28. g5 a4 29. Rde2 axb3 30. Rxe5 fxe5 31. Bxe5+ Kc5 32. Rc1+ Kb6
33. Bd4+ Ka5 34. Bc3+ b4 35. Bxg7 Rxc1 36. Kxc1 Rc8+ 37. Kb2 Rc2+ 38. Kb1 Bf5
39. Bd1 Rd2+ 40. Kc1 Rxd5 41. Bxb3 Rd3 0-1

[Event "Moscow blitz"]
[Site "Moscow"]
[Date "1993.??.??"]
[Round "?"]
[White "Kiselev, Sergey"]
[Black "Polgar, Zsuzsa"]
[Result "1-0"]
[WhiteElo "2510"]
[BlackElo "2560"]
[PlyCount "78"]
[EventDate "1993.??.??"]
[EventType "swiss (blitz)"]
[EventRounds "17"]
[EventCountry "RUS"]
[Source "ChessBase"]
[SourceDate "1996.11.15"]

1. d4 d5 2. c4 dxc4 3. e3 Nf6 4. Bxc4 e6 5. Nf3 a6 6. a4 c5 7. O-O Nc6 8. Qe2
cxd4 9. Rd1 Be7 10. exd4 O-O 11. Nc3 Nd5 12. Be3 b6 13. Rac1 Bb7 14. Nxd5 exd5
15. Bd3 Nb4 16. Bb1 a5 17. Ne5 f6 18. Qh5 g6 19. Nxg6 Rf7 20. Nh4 Bf8 21. Rc3
Rc8 22. Bh6 Rxc3 23. bxc3 Nc6 24. Nf5 Bc8 25. Bxf8 Bxf5 26. Bxf5 Kxf8 27. Qh6+
Rg7 28. Rc1 Ne7 29. Bxh7 Qd6 30. g3 b5 31. axb5 a4 32. b6 a3 33. b7 a2 34. Ra1
Ng8 35. Bxg8 Qb6 36. Rxa2 Qxb7 37. Bxd5 Qxd5 38. Qxf6+ Kg8 39. Re2 Qa8 1-0